Amigos y superhéroes / (Record no. 22597)

000 -CABECERA
fixed length control field 00802nam a22002057a 4500
003 - IDENTIFICADOR DEL NÚMERO DE CONTROL
control field AR-CdUCM
008 - DATOS DE LONGITUD FIJA--INFORMACIÓN GENERAL
fixed length control field 190427b ||||| |||| 00| 0 spa d
020 ## - NÚMERO INTERNACIONAL ESTÁNDAR DEL LIBRO
ISBN 9786124394331
040 ## - FUENTE DE LA CATALOGACIÓN
Agencia/entidad que catalogó originalmente la obra MUNICIPALIDAD PROVINCIAL DEL CUSCO
Entidad que transcribió la catalogación BIBLIOTECA MUNICIPAL DEL CUSCO
082 ## - NÚMERO DE LA CLASIFICACIÓN DECIMAL DEWEY
No. de Clasificación PI/869.56/C122A5
Notacion interna C122A5
100 ## - ENTRADA PRINCIPAL--NOMBRE DE PERSONA
Nombre Personal Cabana Kojachi, Pepe
245 ## - MENCIÓN DE TÍTULO
Título Amigos y superhéroes /
Mención de responsabilidad Pepe Cabana Kojachi "Mukashi Mukashi" ; [ilustración, Juan Manuel Oblitas Molina, Luz Marina Mamani Quilla]
260 ## - PUBLICACIÓN, DISTRIBUCIÓN, ETC.
Lugar de publicación, distribución, etc. Lima :
Nombre de la editorial, distribuidor, etc. Edit. Khalamos,
Fecha de publicación, distribución, etc. 2018.
300 ## - DESCRIPCIÓN FÍSICA
Nº de Páginas Extensión 15 páginas. :
Otros detalles físicos Ilustraciones en color ;
Dimensiones 21 x 21 cm.
650 ## - PUNTO DE ACCESO ADICIONAL DE MATERIA--TÉRMINO DE MATERIA
Descriptor Cuentos infantiles peruanos
9 (RLIN) 3914
700 ## - PUNTO DE ACCESO ADICIONAL--NOMBRE DE PERSONA
Nombre Personal Oblitas, Juan Manuel
Término de relación ilustrador
9 (RLIN) 48607
700 ## - PUNTO DE ACCESO ADICIONAL--NOMBRE DE PERSONA
Nombre Personal Mamani Quilla, Luz
Término de relación ilustrador
9 (RLIN) 48608
942 ## - ELEMENTOS DE PUNTO DE ACCESO ADICIONAL (KOHA)
Fuente de clasificación
Tipo de item Libros-BMC
945 ## - PROCESAMIENTO DE INFORMACIÓN LOCAL (OCLC)
Catalogador rac
Holdings
Estado de retiro (separado) Fuente de clasificación o esquema de estanterías Estado dañado Ubicación Sala donde se ubica Nombre de la colección Fecha de adquisición o compra Fuente de adquisición Costo, precio normal en soles Signatura topográfica Código de Barras Última vez visto (Koha) Tipo de ítem (Koha)
No     Sala de Infantes Sala de Infantes Book Cart 2022-10-12 Donación 20.00 PI/869.56/C122A5 SI00004879 2022-10-12 Libros-BMC

Powered by Koha